000 00532nam a22002417a 4500
003 UA-OsUOA
001 30371
007 ta
008 20041109b un ||||| |||| 00| 0 ukr d
100 _aУтченко С.Л.
090 _a929:32
_bУ84
942 _cBK
040 _aUA-OsUOA
_brus
_cUA-OsUOA
_dUA-OsUOA
245 _aЮлий Цезарь
300 _a365 с.
955 _a0
041 _arus
080 _a929:32
260 _aМосква
_bМысль
_c1976
044 _aRU
650 7 _2UDC
999 _c316782
_d316782